|
|
|
|
| LEADER |
00000cam a2200000 a 4500 |
| 001 |
vtls001489938 |
| 003 |
SK-MaSNL |
| 005 |
20260302073803.0 |
| 008 |
230403s1955 xo g 000 f slo |
| 015 |
|
|
|a SNBA1955
|
| 020 |
|
|
|q (viazané)
|
| 035 |
|
|
|a urn:nbn:sk:snk-am00dqrq
|
| 035 |
|
|
|a urn:nbn:sk:snk-am3i75i
|
| 035 |
|
|
|a FE91E762-29AA-49E3-9A54-A213B0FDD9E5
|
| 040 |
|
|
|a SNK
|b slo
|c SNK
|e AACR2
|
| 041 |
0 |
|
|a slo
|
| 044 |
|
|
|a xo
|c SK
|
| 072 |
|
7 |
|a 821.162.4-3
|x Slovenská próza
|2 konspekt
|
| 080 |
|
|
|a 821.162.4-31
|2 2001
|
| 100 |
1 |
|
|a Lazarová, Katarína,
|d 1914-1995
|4 aut
|9 238668
|
| 245 |
1 |
0 |
|a Osie hniezdo
|c Katarína Lazarová
|
| 250 |
|
|
|a Tretie vydanie
|
| 260 |
|
|
|a Bratislava
|b Slovenský spisovateľ
|c 1955
|
| 300 |
|
|
|a 479 strán
|c 21 cm
|
| 366 |
|
|
|e 6400 kusov
|
| 490 |
1 |
|
|a Pôvodná próza
|v zv. 67
|
| 655 |
|
7 |
|a slovenské romány
|2 SNKPH
|9 70324
|
| 830 |
|
0 |
|a Pôvodná próza
|9 307168
|
| 852 |
|
|
|a Slovenská národná knižnica
|
| 954 |
|
|
|a beletria pôvodná (slovenská)
|2 lita
|
| 958 |
|
|
|a EUIPO
|
| 958 |
|
|
|a OND
|
| 958 |
|
|
|a LX
|
| 999 |
|
|
|c 1162384
|d 1164314
|
| 952 |
|
|
|a SNK
|b SNK
|y PREZ
|7 0
|p 17A0779756
|o snkSC 6098
|i snk928/55
|0 0
|1 0
|4 0
|d 2011-12-11
|f 1
|l 0
|r 2025-07-04 00:00:00
|w 2026-02-24
|
| 952 |
|
|
|a SNK
|b SNK
|y VYP
|7 0
|p 17A0454832
|o snkSC 6098 D1
|i snk
|0 0
|1 0
|4 0
|d 2005-01-21
|l 0
|r 2026-02-24 20:37:53
|w 2026-02-24
|